000 00659cam a22002411 4500
001 sa 66007425
003 DLC
005 20260227112304.0
008 900214s1965 ii 000 0 urdr
010 _asa 66007425
035 _a(OCoLC)21063223
040 _aDLC
_cWaU
_dDLC
042 _apremarc
050 0 0 _aBP172
_b.A88
100 1 _aĀzād, Abūlkalām,
_d1888-1958.
245 1 0 _aIslām aur Masīḥīyat.
260 _c[1965]
300 _a112 p.
_c19 cm.
500 _aIn Urdu.
650 0 _aIslam
_xRelations
_xChristianity.
650 0 _aChristianity and other religions
_xIslam.
650 0 _aIslamic literature
_xChristian interpretations.
999 _c71183
_d71183